000 01113cam a22003494a 4500
001 12568579
003 SISC
005 20160204085210.0
008 011025s2003 nyua j b 001 0 eng
010 _a 2001006461
020 _a9780823936700
040 _aDLC
_cDLC
_dDLC
042 _apcc
_alcac
050 0 0 _aRD 130
_b.C63 2003
082 0 0 _aHS 617.9
_b.C63 2003
100 1 _aCobb, Allan B.
_912879
245 1 4 _aThe bionic human /
_cAllan B. Cobb
250 _a1st ed.
260 _aNew York :
_bThe Rosen Pub. Group,
_cc2003.
300 _a64 p. :
_bill. ;
_c24 cm.
440 4 _aThe library of future medicine
_912824
650 0 _aArtificial organs
_vJuvenile literature.
_912880
650 0 _aBionics
_vJuvenile literature.
_912881
650 0 _aProsthesis
_vJuvenile literature.
_912882
650 1 _aArtificial organs.
_912883
650 1 _aBionics.
_912884
650 1 _aProsthesis.
_912885
906 _a7
_bcbc
_corignew
_d1
_eecip
_f20
_gy-gencatlg
942 _2lcc
_cBK
999 _c9226
_d9226